| 000 | 00610nam a2200193Ia 4500 | ||
|---|---|---|---|
| 005 | 20260429112244.0 | ||
| 008 | 260429s9999||||xx |||||||||||||| ||und|| | ||
| 020 | _a9789388107143 | ||
| 041 | _aHindi | ||
| 082 |
_a891.431 _bSIN |
||
| 100 | _aसिंह, गुरचरण | ||
| 245 | 0 |
_aसमकालीन हिंदी कविता कोश / _cगुरचरण सिंह |
|
| 250 | _a1st ed. | ||
| 260 |
_aनई दिल्ली : _bसंजय प्रकाशन, _c2018. |
||
| 300 | _ax, 396 p.; Hb | ||
| 440 | _vखंड- 1 | ||
| 650 | _aPoetry--Collection | ||
| 942 | _cTB | ||
| 999 |
_c53151 _d53151 |
||